<?xml version="1.0" encoding="UTF-8"?>
<record
    xmlns:xsi="http://www.w3.org/2001/XMLSchema-instance"
    xsi:schemaLocation="http://www.loc.gov/MARC21/slim http://www.loc.gov/standards/marcxml/schema/MARC21slim.xsd"
    xmlns="http://www.loc.gov/MARC21/slim">

  <leader>01983cam a2200217Ia 4500</leader>
  <datafield tag="020" ind1=" " ind2=" ">
    <subfield code="a">9789251058855</subfield>
  </datafield>
  <datafield tag="020" ind1=" " ind2=" ">
    <subfield code="a">9251058857</subfield>
  </datafield>
  <datafield tag="040" ind1=" " ind2=" ">
    <subfield code="c">NLGGC</subfield>
  </datafield>
  <datafield tag="082" ind1=" " ind2=" ">
    <subfield code="a">334 ROM 2007 A084 Or.</subfield>
  </datafield>
  <datafield tag="100" ind1="1" ind2=" ">
    <subfield code="a">Mosoti, Victor.</subfield>
  </datafield>
  <datafield tag="245" ind1="1" ind2="0">
    <subfield code="a">International trade rules and the agriculture sector :</subfield>
    <subfield code="b">selected implementation issues /</subfield>
  </datafield>
  <datafield tag="300" ind1=" " ind2=" ">
    <subfield code="a">viii, 429 pages ;</subfield>
    <subfield code="c">24 cm</subfield>
  </datafield>
  <datafield tag="490" ind1="1" ind2=" ">
    <subfield code="a">FAO legislative study,</subfield>
  </datafield>
  <datafield tag="500" ind1=" " ind2=" ">
    <subfield code="a">"TC/M/A1477E/1/11.07/1500"--P. [4] of cover</subfield>
  </datafield>
  <datafield tag="520" ind1=" " ind2=" ">
    <subfield code="a">Since the establishment of the WTO, there have been significant changes in the legal and institutional landscape of many developing countries. Whatever the motivation for trade-related legal reform, our experience in the FAO Legal Office has been that besides the substantial costs involved, there are many challenges to successful and meaningful legal and institutional reforms. Legal drafters must therefore be well aware of the existing legal and administrative culture. They must also have a realistic appreciation of the resource constraints in the country, for inadequate resources certainly restrict the ability of implementing bodies to put new rules into practice. This study is about the nature and extent of these trade-related legal and institutional reforms with a particular focus on those of direct relevance to the agricultural sector. In addition to the sectoral focus on agriculture, the study places distinct emphasis on the challenges of developing countries in the implementation of trade-related international obligations in the agricultural sector. It derives from FAO's experience in advising countries on the implementation of agriculture-related WTO agreements, key elements of which are discussed and illustrated by three representative case studies.--Publisher's description</subfield>
  </datafield>
  <datafield tag="650" ind1=" " ind2="0">
    <subfield code="a">Foreign trade regulation.</subfield>
  </datafield>
  <datafield tag="650" ind1=" " ind2="0">
    <subfield code="a">Agricultural laws and legislation.</subfield>
  </datafield>
  <datafield tag="700" ind1="1" ind2=" ">
    <subfield code="a">Gobena, Ambra.</subfield>
  </datafield>
  <datafield tag="856" ind1="1" ind2="1">
    <subfield code="u">ftp://ftp.fao.org/docrep/fao/010/a1477e/a1477e00.pdf</subfield>
  </datafield>
  <datafield tag="942" ind1=" " ind2=" ">
    <subfield code="c">AEDBB</subfield>
  </datafield>
  <datafield tag="999" ind1=" " ind2=" ">
    <subfield code="c">21121</subfield>
    <subfield code="d">21121</subfield>
  </datafield>
  <datafield tag="952" ind1=" " ind2=" ">
    <subfield code="0">0</subfield>
    <subfield code="1">0</subfield>
    <subfield code="4">0</subfield>
    <subfield code="6">334_000000000000000_ROM_2007_A084_OR</subfield>
    <subfield code="7">0</subfield>
    <subfield code="9">92950</subfield>
    <subfield code="a">LBA</subfield>
    <subfield code="b">LBA</subfield>
    <subfield code="c">A084</subfield>
    <subfield code="d">2023-02-15</subfield>
    <subfield code="o">334 ROM 2007 A084 Or.</subfield>
    <subfield code="p">a071059</subfield>
    <subfield code="r">2023-02-15</subfield>
    <subfield code="w">2023-02-15</subfield>
    <subfield code="y">AEDBB</subfield>
  </datafield>
</record>
